000 00737cam a2200241 4500
001 M91586
008 090401t1998 xxu||||| |||| 00| 0 eng d
035 _a(Sirsi) u99397
041 _aeng
110 _aRoyal Institution of Chartered Surveyors
_94900
245 _aTermination of tenancies by physical re-entry.
260 _aLondon
_bRICS
_c1998
300 _a3p. ; 30cm.
350 _a0
490 _aRICS Policy Unit Submission
_vPU/SUB/034
520 _aResponse to the Law Commission. Available on the Internet at http://www.rics.org.uk/parliament/
650 _aLAW COMMISSION
650 _aRE-ENTRY
650 _aTERMINATION OF TENANCIES
690 _aLandlord and tenant
_96252
942 _n0
948 _c07/05/1998
999 _c99305
_d99305